Pokémon hazard FRANCAIS - Statistiques

Statistiques générales
  • Ce quiz a été pris 207 fois
  • Le résultat moyen est 5 sur 10
Statistiques - réponses
Numero Nom % Correct
151 Mew
91%
16 Roucool
82%
144 Artikodin
64%
36 Melodèlfe
55%
129 Magicarpe
45%
112 Rhinoferos
34%
119 Poissoroy
32%
68 Mackogneur
29%
124 Lipouttou
15%
27 Sabellete
14%
Aucun quiz correspondant
Distribution des résultats
% des personnes avec chaque résultat
Percentile par nombre de réponses
Votre historique - résultats
Vous n’avez pas pris ce quiz